000 00714nam a2200241Ia 4500
003 OSt
005 20220923220726.0
006 a|||||r|||| 00| 0
007 ta
008 220922b |||||||| |||| 00| 0 hin d
024 _a189,642
037 _cTextual
040 _aARTS
_cARTS
_bhin
041 _2hin
_ahin
082 _aO152,2N32x, M6-;1
100 _aचिरंजीत
_9156280
245 0 _aसात युवमंच नाटक
246 _aSāt yuvahincha nāṭaka
260 _aनई दिल्ली
_b पुस्तकायन
_c1986
300 _a148पृ.
_ccm.
942 _hO152,2N32x, M6-;1
_cTEXL
_2CC
999 _c342485
_d342485